[Event "Goch op"]
[Site "Goch"]
[Date "1994.??.??"]
[Round "2"]
[White "Ebeling, Jens"]
[Black "Link, Michael"]
[Result "1/2-1/2"]
[WhiteElo "1925"]
[BlackElo "2280"]

1.e4 c5 2.Nf3 e6 3.d4 cxd4 4.Nxd4 a6 5.Nc3 Qc7 6.Be2 Nf6 7.O-O Be7 8.f4 d6
9.a4 Nc6 10.Kh1 O-O 11.Be3 Re8 12.Qe1 Bd7 13.Nb3 Nb4 14.Bd3 Rab8 15.a5 Bc6
16.Bb6 Qc8 17.Nd4 Nd7 18.Ba7 Ra8 19.Nxc6 bxc6 20.Bg1 Rb8 21.Qd2 c5 22.Bc4 Rd8
23.Qe2 Qc6 24.Rf3 Re8 25.f5 d5 26.fxe6 fxe6 27.exd5 exd5 28.Nxd5 Nxd5 29.Qd3 Nf6
30.Rxf6 Qxf6 31.Qxd5+ Kh8 32.Rf1 Qd6 33.Qxd6 Bxd6 34.b3 Rf8 35.Rd1 Rf6 36.Bxa6 Ra8
37.Bc4 Rxa5 38.Re1 Rf8 39.Bd3 Bf4 40.g3 Bd2 41.Re4 Bb4 42.Kg2 Raa8 43.Rc4 Rac8
44.Rh4 h6 45.Bf2 Rce8 46.Rc4 Re5 47.Bg1 Kg8 48.Bf2 Rd8 49.Bg1 Kf7 50.Rf4+ Ke7
51.Bf2 g5 52.Rc4 Rb8 53.g4  1/2-1/2

[Event "Goch op"]
[Site "Goch"]
[Date "1994.??.??"]
[Round "6"]
[White "Wijnhoven, Theo"]
[Black "Eisner, Ernst"]
[Result "1-0"]
[WhiteElo "2115"]
[BlackElo "1875"]

1.e4 c5 2.Nf3 e6 3.d4 cxd4 4.Nxd4 a6 5.Nc3 Qc7 6.Be2 b5 7.a3 Bb7 8.O-O Nf6
9.Bf3 Nc6 10.Nxc6 Bxc6 11.Qe2 Bd6 12.Nd5 Bxd5 13.exd5 Rc8 14.a4 O-O 15.axb5 axb5
16.Qxb5 Bxh2+ 17.Kh1 Be5 18.c3 Rb8 19.Qd3 Rb6 20.Ra4 Rfb8 21.Re1 Nxd5 22.Bxd5 exd5
23.Qxd5 Re6 24.Rc4 Qd6 25.Qf3 Qe7 26.g3 Re8 27.Kg2 Bb8 28.Rd1 Re2 29.Ra4 Bc7
30.Ra8 h6 31.Rxe8+ Qxe8 32.b4 Rc2 33.Qg4 Qc8 34.Bxh6  1-0

[Event "GRE-ch"]
[Site "?"]
[Date "1994.??.??"]
[Round "11"]
[White "Makropoulou, Marina"]
[Black "Moutousis, Konstantinos"]
[Result "0-1"]
[WhiteElo "2330"]
[BlackElo "2425"]

1.e4 c5 2.Nf3 e6 3.d4 cxd4 4.Nxd4 a6 5.Nc3 Qc7 6.g3 Nf6 7.Bg2 Be7 8.O-O O-O
9.Re1 d6 10.Qe2 Bd7 11.g4 Nc6 12.Nb3 Bc8 13.g5 Nd7 14.f4 Re8 15.a4 b6 16.Be3 Bf8
17.Rad1 Bb7 18.Qf2 Rab8 19.Bc1 g6 20.Rd3 Nb4 21.Rh3 Bg7 22.Be3 Ba8 23.Rd1 b5
24.axb5 axb5 25.Nd4 Qa5 26.Qh4 Nf8 27.Bf1 Rec8 28.f5 exf5 29.exf5 Bxd4 30.Bxd4 Nxc2
31.Bf2 b4 32.fxg6 bxc3 33.gxh7+ Kh8 34.g6 Qe5 35.Rxd6 fxg6  0-1

[Event "Groningen op"]
[Site "Groningen"]
[Date "1994.??.??"]
[Round "6"]
[White "Simons, Rudi"]
[Black "Krallmann, Matthias"]
[Result "1-0"]
[WhiteElo "2250"]
[BlackElo "2275"]

1.e4 c5 2.Nf3 e6 3.d4 cxd4 4.Nxd4 a6 5.Nc3 b5 6.a3 Bb7 7.Bd3 d6 8.O-O Nf6
9.f4 Nbd7 10.Be3 Qc7 11.f5 e5 12.Nb3 Be7 13.Qf3 Rc8 14.h3 O-O 15.Rad1 Nb6
16.Bg5 h6 17.Bh4 Ba8 18.Bxf6 Bxf6 19.Rfe1 Rfd8 20.Nd5 Bxd5 21.exd5 Nc4 22.Bxc4 Qxc4
23.Rd2 Bg5 24.Re4 Qc7 25.Rde2 Qb6+ 26.Kh2 Rc4 27.c3 Rdc8 28.h4 Bxh4 29.Nd2 Rxe4
30.Nxe4 f6 31.Qh5 Bg5 32.Rf2 Qe3 33.Re2 Qb6 34.Rf2 a5 35.Rf3 b4 36.axb4 axb4
37.Qg6 bxc3 38.Rxc3 Bf4+ 39.Kh1 Qd8 40.Nxf6+ Kf8 41.Nh7+ Kg8 42.f6 Rc7 43.g3 Bd2
44.Rxc7 Qxc7 45.Qe8+ Kxh7 46.f7 Qc1+ 47.Kg2 Be3 48.f8=Q Qg1+ 49.Kf3 Qh1+
50.Kxe3 Qe1+ 51.Kd3 Qd1+ 52.Kc4 Qd4+ 53.Kb5 Qxd5+ 54.Kb6 Qc5+ 55.Kb7 Qb4+
56.Kc7 Qc5+ 57.Kd7 Qa7+ 58.Ke6 Qa2+ 59.Ke7  1-0

[Event "Gyongyos op"]
[Site "Gyongyos"]
[Date "1994.??.??"]
[Round "?"]
[White "Dovzik, Juri"]
[Black "Foldi, Istvan"]
[Result "1/2-1/2"]
[WhiteElo "2375"]
[BlackElo "2350"]

1.e4 c5 2.Nf3 e6 3.d4 cxd4 4.Nxd4 a6 5.Nc3 Qc7 6.Bd3 Nc6 7.Nxc6 bxc6 8.O-O Nf6
9.Qe2 e5 10.b3 Be7 11.Bb2 O-O 12.Rad1 d6 13.h3 a5 14.a4 Nd7 15.Ba3 Bb7 16.Qf3 Rae8
17.Be2 Nb6 18.Qg3 d5 19.Bb2 Bf6 20.Bf3 Rd8 21.exd5 cxd5 22.Nb5 Qb8 23.Bc3 e4
24.Qxb8 Rxb8  1/2-1/2

[Event "EU-ch U18"]
[Site "Hania"]
[Date "1994.??.??"]
[Round "6"]
[White "Mirumian, Vigen"]
[Black "Kulaots, Kaido"]
[Result "1/2-1/2"]
[WhiteElo "2290"]
[BlackElo "2415"]

1.e4 c5 2.Nf3 e6 3.Nc3 a6 4.d4 cxd4 5.Nxd4 Qc7 6.g3 Nc6 7.Bg2 Nf6 8.O-O Nxd4
9.Qxd4 Bc5 10.Qd3 d6 11.Bf4 h6 12.Rad1 Ke7 13.a3 e5 14.Bc1 Be6 15.Kh1 Rac8
16.Nd5+ Bxd5 17.exd5 Ba7 18.c3 Qc4 19.Qf5 Qg4 20.Qc2 Rhe8 21.f4 e4 22.f5 Kf8
23.Rf4 Qh5 24.Rdf1 Ng4 25.h3 Ne3 26.Bxe3 Bxe3 27.Rxe4 Qg5 28.f6 g6 29.Rg4 Qe5
30.h4 Qh5 31.Bf3 Qf5 32.Qg2 h5 33.Rb4 Qd7 34.g4 a5 35.Re4 Rxe4 36.Bxe4 Qxg4
37.Qxg4 hxg4 38.Kg2 Re8 39.Bd3 Re5 40.Kg3 Rxd5 41.Rd1 Bb6 42.Kxg4 Bd8 43.Bc2 Rxd1
44.Bxd1 Bxf6 45.a4 Ke7 46.Bf3 b6 47.Bd5 Be5 48.Kg5 Bg3  1/2-1/2

[Event "Harkany op"]
[Site "Harkany"]
[Date "1994.??.??"]
[Round "1"]
[White "Szemzo, Lajos"]
[Black "Kustar, Sandor"]
[Result "0-1"]
[WhiteElo "2185"]
[BlackElo "2420"]

1.Nf3 c5 2.e4 e6 3.d4 cxd4 4.Nxd4 a6 5.Nc3 Qc7 6.Be2 Bb4 7.Bd2 Nf6 8.Bf3 d6
9.O-O Bc5 10.Nb3 Ba7 11.Rc1 Nc6 12.Bf4 Ne5 13.Be2 Bd7 14.Kh1 Bc6 15.f3 Rd8
16.Bg5 Ng6 17.Nd4 Bd7 18.Qd2 h6 19.Bxf6 gxf6 20.Rcd1 Bb8 21.f4 d5 22.exd5 Nxf4
23.g3 Nxd5 24.Nxd5 exd5 25.Rxf6 Qe5 26.Rxh6 Rxh6 27.Qxh6 Ke7 28.Qh4+ f6 29.Qh7+ Kd6
30.Bf3 Kc7 31.Qh6 Kc8 32.Qd2 Rh8 33.Ne2 Bf5 34.Qxd5 Qxd5 35.Rxd5 Be5 36.Nd4 Bg6
37.Kg1 Bf7 38.Bg4+ Kb8 39.Rd7 Bxa2 40.b3 Bb1 41.Bf5 Rc8 42.Rd5 Rc5 43.Rd8+ Ka7
44.Be4 a5 45.Ne6 Rc3 46.Rd2 b5 47.Nd4 Kb6 48.Ne2 Rc8 49.Bf5 Rc5 50.b4 axb4
51.g4 Bc7 52.Nd4 Bf4 53.Re2 Be5 54.Nf3 Bd6 55.Re6 Kc7 56.Rxf6 Bxc2 57.Nd4 Bxf5
58.gxf5 Rd5 59.Rf7+ Kb6 60.Ne6 b3  0-1

[Event "Harkany op"]
[Site "Harkany"]
[Date "1994.??.??"]
[Round "3"]
[White "Sziebert, Adam"]
[Black "Svobodova, Michaela"]
[Result "1-0"]
[WhiteElo "2310"]
[BlackElo "2070"]

1.e4 c5 2.Nf3 e6 3.d4 cxd4 4.Nxd4 a6 5.Nc3 b5 6.Bd3 Bb7 7.O-O d6 8.a4 b4
9.Na2 Nf6 10.Qe2 a5 11.c3 bxc3 12.bxc3 Nbd7 13.f4 Be7 14.Rb1 Rb8 15.e5 Nd5
16.c4 N5b6 17.Nf5 O-O 18.Nxe7+ Qxe7 19.Ba3 Nc8 20.Rxb7 Rxb7 21.Qe4 f5 22.Qxb7 Nc5
23.Qxe7 Nxe7 24.exd6 Nxd3 25.dxe7 Re8 26.Rf3  1-0

[Event "Harkany op"]
[Site "Harkany"]
[Date "1994.??.??"]
[Round "5"]
[White "Sziebert, Adam"]
[Black "Kozlov, Oleg"]
[Result "1-0"]
[WhiteElo "2310"]
[BlackElo "2405"]

1.e4 c5 2.Nf3 e6 3.d4 cxd4 4.Nxd4 a6 5.Nc3 Qc7 6.Be2 Nf6 7.O-O Bb4 8.Bg5 Bxc3
9.Bxf6 gxf6 10.bxc3 Qxc3 11.Rb1 Nc6 12.Nxc6 dxc6 13.Rb3 Qc5 14.Qd2 Ke7 15.Rd1 Rg8
16.Rg3 Rh8 17.Rg7 Rb8 18.Bh5 e5 19.Rxf7+ Ke6 20.Rd7  1-0

[Event "Harkany op"]
[Site "Harkany"]
[Date "1994.??.??"]
[Round "8"]
[White "Kincs, Imre"]
[Black "Fancsy, Imre"]
[Result "0-1"]
[WhiteElo "2225"]
[BlackElo "2415"]

1.e4 c5 2.Nf3 e6 3.d4 cxd4 4.Nxd4 a6 5.Nc3 Qc7 6.Be3 Bb4 7.Qd2 Nf6 8.f3 d5
9.Nde2 dxe4 10.a3 Bc5 11.O-O-O Nbd7 12.Nxe4 Nxe4 13.fxe4 Bxe3 14.Qxe3 b5
15.Nc3 O-O 16.h4 Qe5 17.g4 Rb8 18.g5 b4 19.axb4 Rxb4 20.Bxa6 Nc5 21.Bd3 Bd7
22.Rde1 Rfb8 23.Nd1 Bb5 24.Bxb5 R8xb5 25.Rhf1 Ra5 26.Kb1 Rba4 27.c3 Rxe4
28.Qd2 Ra1+ 29.Kc2 Qb8 30.Qf2 Qb3+ 31.Kd2 Qd5+  0-1

[Event "EU-ch U16"]
[Site "Herculane"]
[Date "1994.??.??"]
[Round "7"]
[White "Pachmann, Ales"]
[Black "Tugui, Adrian"]
[Result "0-1"]
[WhiteElo "2190"]
[BlackElo "2230"]

1.e4 c5 2.Nf3 a6 3.Nc3 e6 4.d4 cxd4 5.Nxd4 Qc7 6.Bd3 b5 7.O-O Bb7 8.Qe2 d6
9.f4 Nf6 10.e5 dxe5 11.fxe5 Bc5 12.exf6 Bxd4+ 13.Kh1 Bxf6 14.Ne4 Nd7 15.Bf4 Be5
16.Qg4 f5 17.Bxe5 Qxe5 18.Nf6+ Nxf6  0-1

[Event "HUN-chT 9394"]
[Site "?"]
[Date "1994.??.??"]
[Round "?"]
[White "Sziebert, Adam"]
[Black "Tolnai, Tibor"]
[Result "0-1"]
[WhiteElo "2260"]
[BlackElo "2540"]

1.e4 c5 2.Nf3 e6 3.d4 cxd4 4.Nxd4 a6 5.Nc3 Qc7 6.Be2 Nc6 7.O-O Nf6 8.Kh1 Be7
9.f4 d6 10.Bf3 Bd7 11.Be3 O-O 12.g4 Nxd4 13.Bxd4 e5 14.Bf2 Bc6 15.f5 h6 16.Be3 b5
17.a3 a5 18.g5 hxg5 19.Bxg5 b4 20.axb4 axb4 21.Rxa8 Rxa8 22.Bxf6 Bxf6 23.Nd5 Bxd5
24.Qxd5 Ra5 25.Qb3 Rc5 26.Ra1 Bg5 27.Bh5 d5 28.Ra8+ Bd8 29.Qa4 Kf8 30.Qxb4 Ke7
31.Rb8 Qd6 32.Bxf7 Bc7 33.Rb5 Rxb5 34.Qxb5 Kxf7 35.Qd3 dxe4 36.Qxe4 Kf6 37.b4 Bb6
38.Kg2 Qd2+ 39.Kh3 Qh6+ 40.Kg3 Qg5+  0-1

[Event "HUN-chT 9394"]
[Site "?"]
[Date "1994.??.??"]
[Round "?"]
[White "Szurovszky, Elek"]
[Black "Tolnai, Tibor"]
[Result "0-1"]
[WhiteElo "2280"]
[BlackElo "2410"]

1.e4 c5 2.Nf3 e6 3.d4 cxd4 4.Nxd4 a6 5.Nc3 Qc7 6.g3 Nc6 7.Bg2 d6 8.O-O Bd7
9.Nce2 Nf6 10.c4 Nxd4 11.Qxd4 Be7 12.Bd2 O-O 13.Rac1 Rfc8 14.Bb4 Be8 15.Rfd1 Rd8
16.h3 Rac8 17.Qe3 b6 18.b3 Nd7 19.Rd2 h6 20.Rcd1 Nc5 21.Bc3 b5 22.cxb5 axb5
23.Bd4 e5 24.Bc3 Bc6 25.Bb2 b4 26.h4 Qb7 27.f3 Ra8 28.Nc1 Ne6 29.Kh2 Nc7
30.Bf1 Bb5 31.Bg2 Re8 32.Ba1 Bf8 33.Nd3 Na6 34.Bh3 Be7 35.Rc2 Bd8 36.Qd2 Ba5
37.Nb2 Bb6 38.Nc4 Bxc4 39.Rxc4 Bc5 40.Rc2 Nc7 41.Bf1 Qb6 42.Bc4 Ra7 43.f4 exf4
44.Qxf4 Ne6 45.Qg4 Bd4 46.Bxd4 Nxd4 47.Rcd2 Nc6 48.Qf5 Ne5 49.Rxd6 Rxa2+
50.Kh3 Qf2 51.Qxf2 Rxf2 52.Bb5 Re7 53.Rd8+ Kh7 54.h5 Nf3 55.Bd3 Rh2+ 56.Kg4 Ne5+
57.Kf4 Rf2+ 58.Ke3 Rf3+ 59.Ke2 Rxg3 60.Bb5 Rxb3 61.R1d4 Rh3 62.Rxb4 Rxh5
63.Be8 Rh2+ 64.Ke3 Rh3+ 65.Ke2  0-1

[Event "HUN-chT 9394"]
[Site "?"]
[Date "1994.??.??"]
[Round "?"]
[White "Horvath, Tamas"]
[Black "Fogarasi, Tibor"]
[Result "0-1"]
[WhiteElo "2475"]
[BlackElo "2415"]

1.e4 c5 2.Nf3 e6 3.Nc3 a6 4.d4 cxd4 5.Nxd4 Qc7 6.f4 b5 7.Bd3 Nc6 8.Nf3 b4
9.Na4 Nf6 10.Qe2 Be7 11.O-O d5 12.e5 Ng4 13.Bd2 h5 14.Kh1 g6 15.Rac1 Qa7
16.c4 bxc3 17.Nxc3 Bd7 18.a3 Bc5 19.b4 Nf2+ 20.Rxf2 Bxf2 21.Nxd5 exd5 22.e6 fxe6
23.Rxc6 Bxc6 24.Qxe6+ Kd8 25.Qxc6 Rc8 26.Qxg6 Qb6 27.Qg7 Re8 28.g3 d4 29.Bf5 Rc7
30.Qg5+ Rce7 31.Kg2 Be3 32.Be1 Kc7 33.Ne5 Rxe5 34.Qxh5 R5e7 35.Bd3 Qc6+ 36.Kh3 Re6
37.Qa5+ Kb7 38.b5  0-1

[Event "HUN-chT 9394"]
[Site "?"]
[Date "1994.??.??"]
[Round "?"]
[White "Horvath, Tamas"]
[Black "Horvath, Jozsef"]
[Result "1/2-1/2"]
[WhiteElo "2475"]
[BlackElo "2515"]

1.e4 c5 2.Nf3 e6 3.d4 cxd4 4.Nxd4 a6 5.Nc3 Qc7 6.g3 Nf6 7.Bg2 Be7 8.O-O O-O
9.Re1 d6 10.Be3 Nc6 11.Nxc6 bxc6 12.Na4 Rb8 13.c4 c5 14.b3 Bb7 15.Nc3 Rbd8
16.Rc1 Nd7 17.f4 Nb8 18.g4 Nc6 19.g5 Nd4 20.Ne2 Nc6 21.Nc3  1/2-1/2

[Event "HUN-chT 9394"]
[Site "?"]
[Date "1994.??.??"]
[Round "?"]
[White "Siklosi, Zoltan"]
[Black "Orgovan, Sandor"]
[Result "1-0"]
[WhiteElo "2365"]
[BlackElo "2330"]

1.e4 c5 2.Nf3 e6 3.Nc3 a6 4.d4 cxd4 5.Nxd4 b5 6.Bd3 Bb7 7.O-O d6 8.a4 b4
9.Na2 Nf6 10.Re1 d5 11.e5 Nfd7 12.Nxe6 Qb6 13.Ng5 Nc5 14.Qh5 g6 15.Qf3 Be7
16.Qxf7+ Kd8 17.Nxh7 Nbd7 18.Bg5 Bxg5 19.Nxg5 Rf8 20.Qxg6 Qxg6 21.Bxg6 Rg8
22.Nf7+ Ke7 23.Bh5 d4 24.f3 b3 25.cxb3 Nxb3 26.Rad1 Rac8 27.Re2 a5 28.Nd6 Ba6
29.Nxc8+ Rxc8 30.Red2 Rc4 31.f4 Nxd2 32.Rxd2 Nc5 33.Bd1 d3 34.Nc3 Ke6 35.g3 Ne4
36.Rxd3 Rb4 37.Bg4+  1-0

[Event "HUN-chT2 9394"]
[Site "?"]
[Date "1994.??.??"]
[Round "?"]
[White "Palvolgyi, Istvan"]
[Black "Frank, Jozsef"]
[Result "1-0"]
[WhiteElo "2260"]
[BlackElo "2335"]

1.e4 c5 2.Nf3 e6 3.Nc3 a6 4.d4 cxd4 5.Nxd4 b5 6.a3 d6 7.g3 Nf6 8.Bg2 e5 9.Nde2 Bb7
10.Bg5 Nbd7 11.Nd5 Bxd5 12.exd5 Be7 13.O-O O-O 14.h3 Rc8 15.Be3 Nb6 16.b3 Nbd7
17.Qd2 Qc7 18.Rfc1 Nc5 19.Qd1 Nfd7 20.g4 f5 21.gxf5 Rxf5 22.c4 Qb7 23.cxb5 axb5
24.b4 Na4 25.Rxc8+ Qxc8 26.Qd3 Nf6 27.Qxb5 Nc3 28.Rc1 Nxe2+ 29.Qxe2 Qa8 30.Qc2 e4
31.Qc6 Qf8 32.Rd1 Rh5 33.b5 Bd8 34.b6 Bxb6 35.Bxb6 Re5 36.a4 Qf7 37.Qxd6 Qh5
38.Rc1 Rxd5 39.Qe6+ Kf8 40.Rc8+ Ne8 41.Rxe8+ Qxe8 42.Qxd5  1-0

[Event "HUN-chT2 9394"]
[Site "?"]
[Date "1994.??.??"]
[Round "?"]
[White "Forgacs, Attila"]
[Black "Frank, Jozsef"]
[Result "1-0"]
[WhiteElo "2170"]
[BlackElo "2335"]

1.e4 c5 2.Nf3 e6 3.d4 cxd4 4.Nxd4 a6 5.Nc3 b5 6.Bd3 Bb7 7.O-O Be7 8.Kh1 Nc6
9.Nxc6 Bxc6 10.f4 d6 11.a4 b4 12.Na2 Qb6 13.Qe1 a5 14.Be3 Qb7 15.Bb5 Bxb5
16.axb5 Qxe4 17.c3 b3 18.Nc1 a4 19.Bd4 Qxe1 20.Rxe1 Nf6 21.Nxb3 Kd7 22.Nd2 Rhb8
23.c4 d5 24.b6 Ne8 25.Nf3 f6 26.c5 Ra5 27.Rec1 Kc6 28.b4 Ra6 29.Rab1 Kb5
30.Bg1 e5 31.fxe5 fxe5 32.Nxe5 a3 33.Nd7 Rb7 34.c6 Rbxb6 35.Nxb6 Rxb6 36.Bxb6 Kxb6
37.Re1 Bf6 38.Rxe8 a2 39.Rf1 a1=Q 40.Rxa1 Bxa1 41.b5 Bf6 42.Rb8+ Kc7 43.Rb7+ Kc8
44.Rf7 d4 45.Rxf6  1-0

[Event "HUN-chT2 9394"]
[Site "?"]
[Date "1994.??.??"]
[Round "?"]
[White "Masat, Adam"]
[Black "Paksa, Rudolf"]
[Result "0-1"]
[WhiteElo "2245"]
[BlackElo "2255"]

1.e4 c5 2.Nf3 e6 3.Nc3 a6 4.d4 cxd4 5.Nxd4 Qc7 6.g3 Nc6 7.Bg2 Nf6 8.O-O Be7
9.Re1 Nxd4 10.e5 Nb5 11.exf6 Nxc3 12.fxg7 Rg8 13.bxc3 Qxc3 14.Rb1 Qxg7 15.Bxb7 Rb8
16.Qf3 Qg4 17.Qc3 Bxb7 18.Qc7 Bd8 19.Qxb8 Bc6 20.Qf4 Qh3 21.f3 f5 22.Rb8 Kf7
23.Rb3 Bh4 24.Re2 Bg5 25.Qxg5 Rxg5 26.Bxg5 Qh5 27.Bf4 Bxf3 28.Rd2 Bc6 29.c4 Qg4
30.Ra3 a5 31.Re3 Qg8 32.Rb2 Qc8 33.Rb8 Qa6 34.Rc3 Qa7+ 35.Kf1 Qd4 36.Rbb3 a4  0-1

[Event "HUN-chT2 9394"]
[Site "?"]
[Date "1994.??.??"]
[Round "?"]
[White "Horvath, Istvan"]
[Black "Zemerov, Vladimir"]
[Result "0-1"]
[WhiteElo "2230"]
[BlackElo "2415"]

1.e4 c5 2.Nf3 a6 3.Nc3 e6 4.d4 cxd4 5.Nxd4 d6 6.Be2 b5 7.Be3 Bb7 8.f3 Nd7
9.O-O Ngf6 10.Kh1 Be7 11.a3 Rc8 12.Qe1 O-O 13.Rd1 d5 14.exd5 Nxd5 15.Nxd5 Bxd5
16.c3 Qc7 17.Nf5 Bf6 18.Qg3 Qxg3 19.Nxg3 Ne5 20.Ne4 Be7 21.Rfe1 f5 22.Nf2 Bb3
23.Rc1 Nc4 24.Bxc4 Bxc4 25.Bd4 Rfd8 26.Rcd1 Bb3 27.Rd3 Rc6 28.Be5 Rcc8 29.Bd4 Rd7
30.Bb6 Rb7 31.Ba5 Bc5 32.Nh3 h6 33.Nf4 Kf7 34.Rd2 g5 35.Nd3 Bd5 36.c4 bxc4
37.Ne5+ Kg8 38.Bc3 Kh7 39.Red1 Rcb8 40.Rxd5 exd5 41.Rxd5 Bxa3 42.Nxc4 Bb4
43.Be5 Re8 44.g3 Rb5 45.Rd7+ Re7 46.Rd4 a5 47.f4 gxf4 48.gxf4 Rbb7 49.Rd8 Rbd7
50.Rf8 Rxe5  0-1

[Event "Ikaria op"]
[Site "Ikaria"]
[Date "1994.??.??"]
[Round "7"]
[White "Nikolaidis, Konstantinos"]
[Black "Velikov, Petar"]
[Result "1/2-1/2"]
[WhiteElo "2270"]
[BlackElo "2475"]

1.e4 c5 2.Nf3 e6 3.d4 cxd4 4.Nxd4 a6 5.Nc3 b5 6.g3 Bb7 7.Bg2 Nf6 8.Bg5 Be7
9.a3 d6 10.O-O Qb6 11.Be3 Qc7 12.f4 Nbd7 13.f5 e5 14.Nb3 Rc8 15.Rf2 h6 16.h3 Nb6
17.Nd2 O-O 18.Qe2 Rfd8 19.Kh2 Nc4 20.Nxc4 Qxc4 21.Bb6 Rd7 22.Qe3 Bd8 23.Bxd8 Rdxd8
24.Rd2 Qc5 25.Qe2 Qc4 26.Qe3 Qc5 27.Qe2 Qc4  1/2-1/2

[Event "Isla Guitart op"]
[Site "Isla Guitart "]
[Date "1994.??.??"]
[Round "?"]
[White "Perez, Rodney"]
[Black "Ibanez, Dagoberto"]
[Result "1/2-1/2"]
[WhiteElo "2355"]
[BlackElo "2320"]

1.e4 c5 2.Nf3 e6 3.Nc3 a6 4.d4 cxd4 5.Nxd4 Qc7 6.Be2 Nf6 7.O-O d6 8.Be3 Be7
9.f4 Nbd7 10.Qe1 b5 11.Bf3 Bb7 12.a3 O-O 13.Rd1 Rac8 14.Bc1 Ba8 15.g4 Nb6
16.g5 Nfd7 17.Bg2 Rfe8 18.Qh4 Nf8 19.f5 exf5 20.Nxf5 Nc4 21.Qh5 Ne5 22.Rf2 Nfg6
23.h4 Bf8 24.Qe2 Nc4 25.h5 Nge5 26.h6 g6 27.Ne3 Nxe3 28.Bxe3 Qc4 29.Nd5 Bxd5
30.Rxd5 Qxe2 31.Rxe2 Nc4 32.Bc1 Rc7 33.Rf2 Be7 34.Rd1 Rc5 35.Rd5 Rxd5 36.exd5 Bd8
37.Kh2 Bb6 38.Rf4 Re1 39.Re4 Rxe4 40.Bxe4 Be3 41.Bxe3 Nxe3 42.b3 f6 43.gxf6 Ng4+
44.Kg3 Nxh6 45.Bd3 Kf7 46.b4 Kxf6 47.c4 Ke5 48.cxb5 axb5 49.Bxb5 Nf5+ 50.Kg4 h5+
51.Kg5 h4 52.Bf1 Ne3 53.Bh3 Nxd5 54.b5 Kd4 55.Kxg6 Kc5 56.Kg5 Kxb5 57.Kxh4 Ka4
58.Kg3  1/2-1/2

[Event "Isle of Man op"]
[Site "Isle of Man"]
[Date "1994.??.??"]
[Round "2"]
[White "Kristensen, Bjarke"]
[Black "Emms, John M"]
[Result "1/2-1/2"]
[WhiteElo "2440"]
[BlackElo "2535"]

1.e4 c5 2.Nf3 e6 3.d4 cxd4 4.Nxd4 a6 5.Nc3 Qc7 6.g3 Bb4 7.Ne2 Be7 8.Bg2 Nf6
9.O-O O-O 10.b3 Nc6 11.Bb2 Rd8 12.Nf4 d6 13.Re1 Rb8 14.Qe2 b5 15.Rad1 Bb7
16.Rd2 Ne5 17.a3 Rbc8 18.Na2 Qb8 19.Qd1 Qa8 20.Rde2 Ned7 21.Nb4 a5 22.Nbd3 e5
23.Nh3 Nc5 24.Nxc5 Rxc5 25.f4 Rcc8 26.Nf2 exf4 27.gxf4 d5 28.Bxf6 Bxf6 29.e5 Be7
30.Nd3 Rc6 31.f5 Rh6 32.Re3 Bg5 33.R3e2 d4 34.Rf1 Be3+ 35.Kh1 Rh4 36.Bxb7 Qxb7+
37.Rg2 Qe4  1/2-1/2

[Event "JUG-chT"]
[Site "JUG"]
[Date "1994.??.??"]
[Round "6"]
[White "Borozan, Nikola"]
[Black "Solak, Dragan"]
[Result "0-1"]
[WhiteElo "2075"]
[BlackElo "2180"]

1.e4 c5 2.Nf3 e6 3.d4 cxd4 4.Nxd4 a6 5.Nc3 Qc7 6.Be2 Nf6 7.f4 d6 8.O-O b5
9.Bf3 Bb7 10.a3 Nbd7 11.g4 Nb6 12.g5 Nfd7 13.Qe1 Be7 14.b3 Rc8 15.Bb2 O-O
16.Rd1 Rfe8 17.Qh4 d5 18.exd5 exd5 19.Nf5 Bf8 20.Kh1 d4 21.Nxd4 Re3 22.Rd3 Rxd3
23.cxd3 Bxa3 24.Bxa3 Bxf3+ 25.Rxf3 Qxc3 26.Rh3 Nf8 27.Ne2 Qa1+ 28.Bc1 Rxc1+
29.Nxc1 Qxc1+ 30.Kg2 Nd5 31.Qf2 Nxf4+  0-1

[Event "Heart of Finland op 4th"]
[Site "Jyvaskyla"]
[Date "1994.??.??"]
[Round "?"]
[White "Zaitsev, Igor A"]
[Black "Pyhala, Antti"]
[Result "1-0"]
[WhiteElo "2460"]
[BlackElo "2355"]

1.e4 c5 2.Nf3 e6 3.Nc3 a6 4.d4 cxd4 5.Nxd4 Qc7 6.Qf3 Nf6 7.Bd3 b5 8.O-O Bb7
9.Re1 Bd6 10.Qh3 Be5 11.Nf3 Nc6 12.Nd5 Qb8 13.Qh4 Qd8 14.Bg5 Bxb2 15.Rab1 Ne5
16.Rxb2 Nxf3+ 17.gxf3 exd5 18.Rb4 dxe4 19.Bxe4 Bxe4 20.Bxf6  1-0

[Event "JUG-ch sf"]
[Site "Kladovo"]
[Date "1994.??.??"]
[Round "?"]
[White "Zivic, Dragan"]
[Black "Tosic, Miroslav"]
[Result "0-1"]
[WhiteElo "2280"]
[BlackElo "2445"]

1.e4 c5 2.Nf3 e6 3.d4 cxd4 4.Nxd4 a6 5.Nc3 Qc7 6.Be2 Nf6 7.O-O Nc6 8.Be3 Be7
9.f4 d6 10.Qe1 O-O 11.Qg3 Bd7 12.Kh1 Kh8 13.Rad1 b5 14.a3 Rad8 15.Nf3 b4
16.axb4 Nxb4 17.e5 Ng8 18.exd6 Bxd6 19.Rxd6 Qxd6 20.Rd1 Qc7 21.Qh4 f6 22.Rd4 Qa5
23.Rd2 Nh6 24.Nd4 Bc8 25.f5 Nxf5 26.Nxf5 exf5 27.h3 Be6 28.Bh5 Rxd2 29.Bxd2 Rd8
30.Be3 Nxc2 31.Bf2 Qa1+ 32.Kh2 Qxb2 33.Bg6 Bg8 34.Ne2 Qa3 35.Nf4 Ne3 36.Bxe3 Qxe3
37.Bxf5 g5 38.Ng6+ Kg7  0-1

[Event "JUG-ch sf"]
[Site "Kladovo"]
[Date "1994.??.??"]
[Round "?"]
[White "Damjanovic, Vladimir"]
[Black "Tosic, Miroslav"]
[Result "1-0"]
[WhiteElo "2380"]
[BlackElo "2445"]

1.e4 c5 2.Nf3 e6 3.Nc3 a6 4.d4 cxd4 5.Nxd4 Qc7 6.f4 d6 7.Be2 Nf6 8.O-O Bd7
9.Be3 Nc6 10.Qe1 Be7 11.Qg3 O-O 12.Kh1 Kh8 13.Rad1 Rae8 14.a3 Bd8 15.e5 dxe5
16.fxe5 Ng8 17.Nf3 Nce7 18.Qh3 Nf5 19.Bd3 Ngh6 20.Bf4 Bc6 21.Ne4 Qb6 22.b4 Rg8
23.Nd6 Ref8 24.Nxf5 Nxf5 25.Bxf5 exf5 26.Qxf5 h6 27.c4 Ba4 28.Rd6 Qc7 29.Bxh6 Qxc4
30.Nd2 Qe2 31.Bg5 Bxg5 32.Qh3+  1-0

[Event "Krynica op"]
[Site "Krynica"]
[Date "1994.??.??"]
[Round "?"]
[White "Szymanski, Andrzej"]
[Black "Adamski, Jan"]
[Result "0-1"]
[WhiteElo "2250"]
[BlackElo "2415"]

1.e4 c5 2.Nf3 e6 3.d4 cxd4 4.Nxd4 a6 5.Nc3 b5 6.g3 Bb7 7.Bg2 b4 8.Na4 Nf6
9.Qe2 d5 10.e5 Nfd7 11.O-O Nc6 12.Be3 Nxd4 13.Bxd4 Bc6 14.b3 Bb5 15.Qe3 Bxf1
16.Rxf1 Rc8 17.f4 Rxc2 18.f5 Qc7 19.Bh3 Nc5 20.Rc1 Nxa4 21.Rxc2 Qxc2 22.fxe6 Bc5
23.exf7+ Kxf7 24.bxa4 Qd1+ 25.Kg2 Qxd4 26.e6+ Ke7 27.Qg5+ Qf6 28.Qd2 Rf8  0-1

[Event "LAT-ch"]
[Site "?"]
[Date "1994.??.??"]
[Round "1"]
[White "Lutskan, Ilmars"]
[Black "Miezis, Normunds"]
[Result "0-1"]
[WhiteElo "2345"]
[BlackElo "2430"]

1.e4 c5 2.Nf3 e6 3.d4 cxd4 4.Nxd4 a6 5.Nc3 Qc7 6.a3 Nc6 7.Be3 Nf6 8.Be2 b5
9.Nxc6 dxc6 10.f4 e5 11.O-O Bd6 12.f5 Bb7 13.Bf3 c5 14.Bg5 c4 15.Kh1 Rd8
16.Qe2 Be7 17.Rae1 h6 18.Bxf6 gxf6 19.Nd5 Bxd5 20.exd5 Bd6 21.Qd2 c3 22.bxc3 Qa5
23.Re3 Rc8 24.Be2 Ke7 25.Rb1 Rc7 26.Qe1 Qxa3 27.Rg3 Qc5 28.Ra1 Qb6 29.Rg7 Kf8
30.Rg4 Ke7 31.c4 Rhc8 32.cxb5 Rxc2 33.bxa6 Qb2 34.Bc4 h5 35.Rh4 Rxg2 36.Rb1 Qc2
37.Bf1 Rcg8 38.Rb7+ Ke8 39.Bc4 Qd2 40.Qf1 Qg5 41.Rb1 Qxh4 42.Qxg2 Rxg2 43.Kxg2 Qe4+  0-1

[Event "LAT-ch"]
[Site "?"]
[Date "1994.??.??"]
[Round "7"]
[White "Berzinsh, Roland"]
[Black "Miezis, Normunds"]
[Result "0-1"]
[WhiteElo "2475"]
[BlackElo "2430"]

1.e4 c5 2.Nf3 e6 3.d4 cxd4 4.Nxd4 a6 5.Nc3 Qc7 6.Bd3 Nc6 7.Be3 Nf6 8.O-O Bd6
9.Nxc6 dxc6 10.f4 e5 11.f5 Qe7 12.Kh1 h5 13.Bg5 Bc5 14.a4 a5 15.Nb1 Qc7 16.Nd2 h4
17.h3 Be7 18.Bxf6 Bxf6 19.Nc4 b6 20.Be2 Ba6 21.Ne3 Bb7 22.c3 Rd8 23.Qe1 Bg5
24.Bc4 Qd6 25.Qe2 Qc5 26.Rf3 Rh6 27.b3 Rhd6 28.Nf1 Ke7 29.Re1 f6 30.Rf2 Kd7
31.Rb1 Qa3 32.Qc2 Qc5 33.Nh2 b5 34.Bf1 Kc7 35.Nf3 Bf4 36.b4 axb4 37.cxb4 Qxc2
38.Rxc2 Rd1 39.Rcb2 bxa4 40.Kg1 a3  0-1

[Event "Leeuwarden op"]
[Site "Leeuwarden"]
[Date "1994.??.??"]
[Round "5"]
[White "Tondivar, Babak"]
[Black "Lutz, Christopher"]
[Result "0-1"]
[WhiteElo "2315"]
[BlackElo "2580"]

1.e4 c5 2.Nf3 e6 3.d4 cxd4 4.Nxd4 a6 5.Nc3 Qc7 6.Bd3 Nf6 7.O-O b5 8.a3 d6
9.Kh1 Be7 10.f4 Bb7 11.Qe1 Nbd7 12.Qg3 Nc5 13.Re1 O-O 14.Bd2 Rfd8 15.b4 Nxd3
16.cxd3 Rac8 17.Rac1 Qd7 18.h3 Rc7 19.Nce2 Rdc8 20.Rxc7 Rxc7 21.Rc1 Ne8 22.Qe1 e5
23.Nf3 f6 24.Nc3 Rc8 25.Qe3 Nc7 26.d4 exf4 27.Qxf4 Rf8 28.Qg3 f5 29.Re1 Bf6
30.Bf4 Ne6 31.exf5 Nxd4 32.Nxd4 Bxd4 33.Ne4 Qxf5 34.Nxd6 Qxf4 35.Qxf4 Bxg2+
36.Kxg2 Rxf4 37.Rd1 h6 38.Nb7 Kh7 39.Nc5 Rf2+ 40.Kg3 Bxc5 41.bxc5 Rc2 42.Rd6 Rc3+
43.Kg2 Rxa3 44.Rb6 Rc3 45.c6 Kg6 46.Rxa6 Kh5 47.Rb6 Kh4 48.Rxb5 Rc2+ 49.Kg1 Kxh3
50.Rb7 g5 51.c7 g4 52.Rb6 h5  0-1

[Event "Litomysl op"]
[Site "Litomysl"]
[Date "1994.??.??"]
[Round "?"]
[White "Votava, Jan"]
[Black "Kozlov, Oleg"]
[Result "1-0"]
[WhiteElo "2400"]
[BlackElo "2405"]

1.e4 c5 2.Nf3 e6 3.Nc3 a6 4.d4 cxd4 5.Nxd4 Qc7 6.g3 Nf6 7.Bg2 Nc6 8.O-O Be7
9.Re1 Nxd4 10.Qxd4 d6 11.Be3 Bd7 12.Qb6 Qxb6 13.Bxb6 Rc8 14.a4 Bc6 15.a5 h5
16.h3 g5 17.Bd4 Rg8 18.Na2 Bb5 19.Nc3 Bc6 20.Ra3 Nd7 21.Nd5 Bxd5 22.exd5 e5
23.Rc3 Rxc3 24.Bxc3 f5 25.g4 fxg4 26.hxg4 hxg4 27.Re4 Rf8 28.Rxg4 Rf4 29.Bh3 Rxg4+
30.Bxg4 Nf6 31.Bc8 Ne4 32.Be1 Nc5 33.b4 Kd8 34.Bf5 Nd7 35.c4 Nf6 36.f3 Nh5
37.Bf2 Kc7 38.Bb6+ Kb8 39.Kf2 Nf4 40.Kg3 Nh5+ 41.Kh3 Nf6 42.Kh2 Ne8 43.Kg2 Nf6
44.Kf2 Nh5 45.Ke3 Nf6 46.Be6 Nh5 47.c5 Nf6 48.c6 Ne8 49.Ke4 Nf6+ 50.Kf5 Ne8
51.Kg6 Nc7 52.Kf7 Bd8 53.Bd7 bxc6 54.Bxc6 Kc8 55.Kg6 e4 56.fxe4 g4 57.Bf2 Nb5
58.Bxb5 axb5 59.Kf5 Kd7 60.Kxg4 Bf6 61.Be1  1-0